00985cam a22002774a 45000010009000000050017000090080041000260200021000670200022000880400018001100820014001281000025001422450120001672600082002873000016003696500010003856500030003956500018004256500032004436500037004758560056005128560063005688560055006319420006006869990015006921181835320250217011256.0991025s2000 at b 001 0 eng  a1856497402 (hc.) a1856497410 (pbk.) aDLCcDLCdDLC00a331.42211 aWichterich, Christa.14aThe globalized woman :breports from a future of inequality /cChrista Wichterich ; translated by Patrick Camiller. aNorth Melbourne :bSpinifex Press ;aLondon ;aNew York :bZed Books,cc2000. ax, 180 p. ; 0aWomen 0aUnemployed women workers. 0aLabor market. 0aCompetition, International. 0aInternational division of labor.42uhttp://www.loc.gov/catdir/bios/hol058/99056211.html42uhttp://www.loc.gov/catdir/description/hol057/99056211.html41uhttp://www.loc.gov/catdir/toc/hol053/99056211.html cL c5980d5980